书目信息 |
| 题名: |
福尔摩斯新探案集 四
|
|
| 作者: | 安德鲁斯 , 诺斯 , 韦曼 著 | |
| 分册: | ||
| 出版信息: | 北京 作家出版社 1998.03 |
|
| 页数: | 435页 | |
| 开本: | 32开 | |
| 丛书名: | ||
| 单 册: | ||
| 中图分类: | I565.46 | |
| 科图分类: | ||
| 主题词: | 文学 | |
| 电子资源: | ||
| ISBN: | 7-5063-1413-4 | |
| 000 | 00642nam0 2200217 45 | |
| 001 | 0106071640 | |
| 005 | 20010607163415.9 | |
| 010 | @a7-5063-1413-4@d20.00元 | |
| 100 | @a20010607d1998 km y0chiy0120 ea | |
| 101 | 0 | @achi |
| 105 | @a z 000yy | |
| 200 | 1 | @a福尔摩斯新探案集 四@AFu Er Mo Si Xin Tan An Ji Si@f(加拿大)韦曼著;沈师光等译@F(Jia Na Da)Wei Man Zhu;Shen Shi Guang Deng Yi |
| 210 | @a北京@c作家出版社@d1998.03 | |
| 215 | @a435页@d32开 | |
| 606 | 0 | @a文学 |
| 690 | @aI565.46@v3 | |
| 701 | 0 | @a安德鲁斯@4著 |
| 701 | 0 | @a诺斯@4著 |
| 701 | 0 | @a韦曼@4著 |
| 801 | @aCN@bPftUser@c20010607 | |
| 905 | @dI565.46@eA472:4@b346104-106@f3 | |
| 福尔摩斯新探案集 四/(加拿大)韦曼著;沈师光等译.-北京:作家出版社,1998.03 |
| 435页;32开 |
| ISBN 7-5063-1413-4:20.00元 |
| ● |
| 相关链接 |
|
|
|
正题名:福尔摩斯新探案集四
索取号:I565.46/A472:4
 
预约/预借
| 序号 | 登录号 | 条形码 | 馆藏地/架位号 | 状态 | 备注 |
| 1 | 346104 | 203461048 | 文学库116/400B社科库 28排3列6层/ [索取号:I565.46/A472:4] | 在馆 | |
| 2 | 346105 | 203461057 | 文学库116/ [索取号:I565.46/A472:4] | 在馆 | |
| 3 | 346106 | 203461066 | 文学库116/ [索取号:I565.46/A472:4] | 在馆 |